00480 2200193 4500001002100000005001500021035002000036245002800056100001900084250001200103300002600115260003400141082000800175084001400183020001800197008003900215990001600254990001600270INLIS00000000000194720191017015722 a0010-10190001411 aDanur /cRisa Saraswati0 aRisa Saraswati aCet1.-- a216 hlm ;c13 x 19 cm aJakarta :bKawah Media,c2011 a813 a813 RIS d a602-220-019-9191017 | | |  a00000001676 a00000001676